| 000 | 00471nam a22001697a 4500 | ||
|---|---|---|---|
| 005 | 20250516145817.0 | ||
| 008 | 250516b |||||||| |||| 00| 0 eng d | ||
| 020 | _a9780538481618 | ||
| 082 |
_a005.8 _bSHE-S |
||
| 100 | _aShelly, Gray B. | ||
| 245 |
_aSystems Analysis and Design / _cHarry j.Rosenblatt |
||
| 260 |
_aUSA: _bElsevier; _c2011. |
||
| 300 |
_axiv, 737 p. : _bill; _c23 cm. |
||
| 500 | _ainclude index. | ||
| 650 | _aArtificial Intelligence | ||
| 999 |
_c36920 _d36920 |
||